| 000 | 00672nam a22002057a 4500 | ||
|---|---|---|---|
| 005 | 20240530110916.0 | ||
| 008 | 220509s1989 ua a b b 000 0 ara d | ||
| 017 | _bمصر. دار الكتب | ||
| 040 |
_aEG-CaGPL _cEG-CaGPL |
||
| 082 | 0 | 4 |
_221 _a301.29\ _bأ د |
| 100 | 0 | _aاكاديمية العلوم | |
| 245 | 1 | 0 | _aدراسات فى تاريخ الثقافة العربية القرون 5 -15 / |
| 250 | _aط.1 | ||
| 260 |
_aموسكو : _bدار النهضة العربية، _c1989 |
||
| 300 |
_a422 ص. ؛ _c20 سم |
||
| 650 | 0 | 7 |
_2qrmak _aالثقافة العربية |
| 651 | _2qrmak | ||
| 942 |
_2ddc _cBK |
||
| 999 |
_c66391 _d66391 |
||